Normal view
MARC view
Entry Topical Term
001 - CONTROL NUMBER
- control field: 46022
003 - CONTROL NUMBER IDENTIFIER
- control field: dpl
005 - DATE AND TIME OF LATEST TRANSACTION
- control field: 20120430113820.0
008 - FIXED-LENGTH DATA ELEMENTS
- fixed length control field: 120430|||a|||||| | ||| d
040 ## - CATALOGING SOURCE
- Original cataloging agency: dpl
- Transcribing agency: dpl
150 ## - HEADING--TOPICAL TERM
- Topical term or geographic name as entry element: हिन्दी भाषा
- General subdivision: व्याकरण
670 ## - SOURCE DATA FOUND
- Source citation: Work cat.: (dpl): हरिवंश तरूण 46021, मानक हिन्दी मुहावरा-लोकोक्ति कोश /, 2005
670 ## - SOURCE DATA FOUND
- Source citation: Work cat.: (dpl): हरिवंश तरूण 46021, मानक हिन्दी मुहावरा-लोकोक्ति कोश /, 2005
